000 00734cam a22002533a 4500
001 17350
003 PGUSA
005 20140828083354.0
008 051219s2005||||xxu|||||s|||||000 | eng d
040 _aPGUSA
_beng
042 _adc
050 4 _aDK
050 4 _aHX
100 1 _aRussell, Bertrand,
_d1872-1970
245 1 4 _aThe Practice and Theory of Bolshevism
_h[electronic resource] /
_cBertrand Russell
260 _bProject Gutenberg,
_c2005
506 _aPublic domain in the USA.
516 _aElectronic text
653 _aSoviet Union -- Social conditions
653 _aCommunism -- Soviet Union -- History
830 0 _aProject Gutenberg
_v17350
856 4 0 _uhttp://www.gutenberg.org/ebooks/17350
942 _cEB
999 _c246605
_d246605